000 00378nam a2200157Ia 4500
001 6422
003 IN-NITTTR
005 20251114233018.0
008 251113s9999||||xx |||||||||||||| ||eng||
040 _beng
040 _cIN-NITTTR
041 _aeng
082 _a621.26 V44T
245 0 _aTheory of hydraulic machines :
_b a textbook for enginering students /
942 _2ddc
_cBK
999 _c9060
_d9060